[Event "Oberliga Ost A 2016 2017"]
[Site "Germany"]
[Date "2017.01.15"]
[Round "5.1"]
[White "Hoepfl, Thomas"]
[Black "Schmidt Schaeffer, Sebastian"]
[Result "1/2-1/2"]
[WhiteElo "2288"]
[BlackElo "2383"]
[PlyCount "62"]
[EventDate "2016.10.16"]
[EventType "team-tourn"]
[EventCountry "GER"]
[WhiteTeam "Halle USV"]
[BlackTeam "Naumburger SV"]
[WhiteTeamCountry "GER"]
[BlackTeamCountry "GER"]

1. e4 d6 2. d4 Nf6 3. Nc3 e5 4. Nf3 Nbd7 5. Bc4 Be7 6. O-O O-O 7. Re1 c6 8. a4
b6 9. Ba2 Rb8 10. Be3 a6 11. Nh4 exd4 12. Bxd4 Nc5 13. Nf3 Bg4 14. h3 Bxf3 15.
Qxf3 Nfd7 16. Rad1 Ne6 17. Ne2 b5 18. axb5 axb5 19. Qg4 Nxd4 20. Nxd4 Ne5 21.
Qe2 g6 22. f4 Qb6 23. fxe5 dxe5 24. c3 exd4 25. cxd4 c5 26. dxc5 Qxc5+ 27. Kh1
Qe5 28. Rd5 Qg3 29. Rd3 Qe5 30. Rd5 Qg3 31. Rd3 Qe5 1/2-1/2

[Event "Oberliga Ost A 2016 2017"]
[Site "Germany"]
[Date "2017.01.15"]
[Round "5.2"]
[White "Gering, Samuel"]
[Black "Puls, Thomas"]
[Result "1-0"]
[WhiteElo "2079"]
[BlackElo "2208"]
[PlyCount "67"]
[EventDate "2016.10.16"]
[EventType "team-tourn"]
[EventCountry "GER"]
[WhiteTeam "Naumburger SV"]
[BlackTeam "Halle USV"]
[WhiteTeamCountry "GER"]
[BlackTeamCountry "GER"]

1. d4 f5 2. c4 Nf6 3. Nc3 e6 4. Nf3 d5 5. Bg5 c6 6. e3 Bd6 7. Bd3 O-O 8. cxd5
exd5 9. Qc2 Qe8 10. O-O Nh5 11. a3 h6 12. Bh4 Be6 13. Bg3 Nxg3 14. hxg3 Nd7 15.
b4 a6 16. Na4 Rd8 17. Rab1 Ra8 18. Nc5 Ra7 19. a4 g5 20. b5 axb5 21. axb5 Nxc5
22. dxc5 Bb8 23. Nd4 f4 24. exf4 Bd7 25. fxg5 hxg5 26. Rbe1 Qf7 27. Qd2 Qf6 28.
Nf3 g4 29. Ng5 Bf5 30. Bxf5 Qxf5 31. Ne6 Re8 32. Qh6 b6 33. Ng7 Rxg7 34. Rxe8+
1-0

[Event "Oberliga Ost A 2016 2017"]
[Site "Germany"]
[Date "2017.01.15"]
[Round "5.3"]
[White "Hartge, Gedeon"]
[Black "Heinrich, Julius Tobias"]
[Result "1/2-1/2"]
[WhiteElo "2089"]
[BlackElo "2055"]
[PlyCount "64"]
[EventDate "2016.10.16"]
[EventType "team-tourn"]
[EventCountry "GER"]
[WhiteTeam "Halle USV"]
[BlackTeam "Naumburger SV"]
[WhiteTeamCountry "GER"]
[BlackTeamCountry "GER"]

1. d4 e6 2. c4 f5 3. g3 Nf6 4. Bg2 Be7 5. Nf3 d5 6. O-O O-O 7. Nc3 c6 8. b3 Ne4
9. Na4 Nd7 10. Nb2 Nd6 11. Qc2 Bf6 12. Nd3 Nf7 13. Bb2 g5 14. Nfe5 Ndxe5 15.
Nxe5 Nxe5 16. dxe5 Bg7 17. Rad1 Qe7 18. Qc1 b5 19. cxd5 cxd5 20. Bd4 Qd8 21.
Qd2 h6 22. Rc1 a5 23. Rc6 Bd7 24. Rd6 Qe7 25. Rc1 Rfd8 26. Rc7 Bf8 27. Bb2 Qe8
28. Qd4 Rac8 29. Rxc8 Bxc8 30. Rxd8 Qxd8 31. e4 fxe4 32. Bxe4 Qc7 1/2-1/2

[Event "Oberliga Ost A 2016 2017"]
[Site "Germany"]
[Date "2017.01.15"]
[Round "5.4"]
[White "Fritsch, Andreas"]
[Black "Luther, Juergen"]
[Result "1/2-1/2"]
[WhiteElo "2066"]
[BlackElo "2156"]
[PlyCount "22"]
[EventDate "2016.10.16"]
[EventType "team-tourn"]
[EventCountry "GER"]
[WhiteTeam "Naumburger SV"]
[BlackTeam "Halle USV"]
[WhiteTeamCountry "GER"]
[BlackTeamCountry "GER"]

1. Nc3 e6 2. d4 d5 3. Bf4 f5 4. Nb5 Na6 5. a3 c6 6. Nc3 Bd6 7. e3 Nc7 8. Nf3
Nf6 9. Bd3 O-O 10. Ne2 Nce8 11. c4 Bd7 1/2-1/2

[Event "Oberliga Ost A 2016 2017"]
[Site "Germany"]
[Date "2017.01.15"]
[Round "5.5"]
[White "Altstadt, Karl Simon"]
[Black "Haertig, Jens"]
[Result "1/2-1/2"]
[WhiteElo "2002"]
[BlackElo "2137"]
[PlyCount "37"]
[EventDate "2016.10.16"]
[EventType "team-tourn"]
[EventCountry "GER"]
[WhiteTeam "Halle USV"]
[BlackTeam "Naumburger SV"]
[WhiteTeamCountry "GER"]
[BlackTeamCountry "GER"]

1. e4 c5 2. Nf3 d6 3. d4 cxd4 4. Qxd4 a6 5. h3 Nc6 6. Qe3 Nf6 7. c4 e6 8. Nc3
Be7 9. Be2 d5 10. cxd5 exd5 11. Nxd5 Nxd5 12. exd5 Nb4 13. Qb3 Bf5 14. Nd4 Be4
15. Bd2 Qxd5 16. Qxd5 Bxd5 17. a3 Nc6 18. Nxc6 Bxc6 19. O-O 1/2-1/2

[Event "Oberliga Ost A 2016 2017"]
[Site "Germany"]
[Date "2017.01.15"]
[Round "5.6"]
[White "Wendling, Florian"]
[Black "Liebert, Heinz"]
[Result "0-1"]
[WhiteElo "1994"]
[BlackElo "2184"]
[PlyCount "96"]
[EventDate "2016.10.16"]
[EventType "team-tourn"]
[EventCountry "GER"]
[WhiteTeam "Naumburger SV"]
[BlackTeam "Halle USV"]
[WhiteTeamCountry "GER"]
[BlackTeamCountry "GER"]

1. e4 c5 2. Nf3 Nc6 3. c4 e5 4. Nc3 d6 5. h3 Nge7 6. d3 g6 7. Bd2 Bg7 8. Qc1 h6
9. Be2 Be6 10. Rb1 Qd7 11. a3 Nd4 12. Bd1 Nxf3+ 13. Bxf3 Kf8 14. b4 Kg8 15. O-O
Kh7 16. bxc5 dxc5 17. Nd5 Nc6 18. Bc3 Nd4 19. Bd1 Bxd5 20. exd5 f5 21. Bxd4
exd4 22. Bf3 b6 23. Qc2 Be5 24. a4 Rae8 25. Rb5 Bc7 26. Qd1 Qd6 27. g3 h5 28.
Bg2 h4 29. Qf3 hxg3 30. Qxg3 Qxg3 31. fxg3 Bxg3 32. a5 Bc7 33. axb6 Bxb6 34.
Rfb1 Kh6 35. Rxb6 axb6 36. Rxb6 Re3 37. Bf1 Ra8 38. Rb2 Kg5 39. Kf2 Kf4 40. Rd2
Ke5 41. Rb2 g5 42. Rd2 Rh8 43. Bg2 g4 44. hxg4 fxg4 45. Rd1 g3+ 46. Kg1 Rb8 47.
Bf1 Rb2 48. Kh1 Kf4 0-1

[Event "Oberliga Ost A 2016 2017"]
[Site "Germany"]
[Date "2017.01.15"]
[Round "5.7"]
[White "Groebel, Aaron"]
[Black "Muekke, Jens Frieder"]
[Result "0-1"]
[WhiteElo "1926"]
[BlackElo "1969"]
[PlyCount "92"]
[EventDate "2016.10.16"]
[EventType "team-tourn"]
[EventCountry "GER"]
[WhiteTeam "Halle USV"]
[BlackTeam "Naumburger SV"]
[WhiteTeamCountry "GER"]
[BlackTeamCountry "GER"]

1. e4 e6 2. d4 d5 3. e5 c5 4. c3 Nc6 5. Nf3 Qb6 6. Be2 f6 7. O-O fxe5 8. dxe5
g6 9. Qc2 Bg7 10. Bf4 Nge7 11. Nbd2 O-O 12. Bg3 Nf5 13. h4 Nxg3 14. fxg3 Bd7
15. c4 Nxe5 16. Nxe5 Bxe5 17. Bd3 Qxb2 18. Rab1 Qxc2 19. Bxc2 b6 20. Bb3 d4 21.
g4 Rxf1+ 22. Rxf1 Rf8 23. Ne4 Rxf1+ 24. Kxf1 h6 25. Ke2 Kf7 26. Kd3 Bf6 27. h5
g5 28. Bd1 Be7 29. a4 a6 30. Bc2 Bd8 31. Bd1 Be7 32. Bc2 Ke8 33. Bd1 Kd8 34.
Nd2 Bc6 35. Ne4 Kc7 36. Bc2 b5 37. axb5 axb5 38. Bb3 bxc4+ 39. Bxc4 Bd5 40.
Bxd5 exd5 41. Ng3 Kd7 42. Nf5 Bf8 43. Kd2 Ke6 44. Ng3 c4 45. Ne2 Bb4+ 46. Kd1
Ke5 0-1

[Event "Oberliga Ost A 2016 2017"]
[Site "Germany"]
[Date "2017.01.15"]
[Round "5.8"]
[White "Will, Matthias"]
[Black "Hentzgen, Thomas"]
[Result "1/2-1/2"]
[WhiteElo "2024"]
[BlackElo "2061"]
[PlyCount "82"]
[EventDate "2016.10.16"]
[EventType "team-tourn"]
[EventCountry "GER"]
[WhiteTeam "Naumburger SV"]
[BlackTeam "Halle USV"]
[WhiteTeamCountry "GER"]
[BlackTeamCountry "GER"]

1. Nf3 Nf6 2. g3 g6 3. Bg2 Bg7 4. c4 O-O 5. O-O d6 6. Nc3 Nc6 7. d4 Bf5 8. b3
Ne4 9. Bb2 Nxc3 10. Bxc3 Be4 11. Rc1 d5 12. c5 e6 13. e3 Qe8 14. b4 Nd8 15. a4
f6 16. Ne1 Bxg2 17. Kxg2 c6 18. Qb3 g5 19. f3 f5 20. Nd3 Qh5 21. Qd1 Nf7 22. f4
g4 23. Kg1 Rfc8 24. Rf2 Bf6 25. Rb2 Nd8 26. b5 Qf7 27. Qb3 h5 28. Ba5 Qd7 29.
Bxd8 Qxd8 30. bxc6 bxc6 31. Rcb1 a5 32. Qb7 Rc7 33. Qxa8 Qxa8 34. Rb8+ Qxb8 35.
Rxb8+ Kf7 36. Kf2 h4 37. Ke2 hxg3 38. hxg3 Ke7 39. Nc1 Kd7 40. Nb3 Ra7 41. Nc1
Bd8 1/2-1/2

[Event "Oberliga Ost A 2016 2017"]
[Site "Germany"]
[Date "2017.01.15"]
[Round "5.1"]
[White "Langrock, Hannes"]
[Black "Woellermann, Jan"]
[Result "1-0"]
[WhiteElo "2405"]
[BlackElo "2379"]
[PlyCount "53"]
[EventDate "2016.10.16"]
[EventType "team-tourn"]
[EventCountry "GER"]
[WhiteTeam "Leipzig SG"]
[BlackTeam "Magdeburg SG Aufbau Elbe"]
[WhiteTeamCountry "GER"]
[BlackTeamCountry "GER"]

1. d4 Nf6 2. Bg5 e6 3. e4 h6 4. Bxf6 Qxf6 5. c3 d5 6. Nd2 c5 7. Ngf3 Nc6 8. Bb5
Bd7 9. O-O O-O-O 10. a4 cxd4 11. Bxc6 Bxc6 12. e5 Qf4 13. cxd4 Bb4 14. Nb3 Kb8
15. Ne1 Be7 16. Nd3 Qf5 17. Na5 Rc8 18. Qb3 Bd8 19. Nxc6+ Rxc6 20. Rfc1 Rxc1+
21. Rxc1 Bb6 22. a5 Bxd4 23. a6 Bb6 24. Nc5 Rd8 25. Qc3 Bxc5 26. Qxc5 Qxe5 27.
Qe7 1-0

[Event "Oberliga Ost A 2016 2017"]
[Site "Germany"]
[Date "2017.01.15"]
[Round "5.2"]
[White "Paul, Johannes"]
[Black "Richter, Leonard"]
[Result "1/2-1/2"]
[WhiteElo "2297"]
[BlackElo "2282"]
[PlyCount "118"]
[EventDate "2016.10.16"]
[EventType "team-tourn"]
[EventCountry "GER"]
[WhiteTeam "Magdeburg SG Aufbau Elbe"]
[BlackTeam "Leipzig SG"]
[WhiteTeamCountry "GER"]
[BlackTeamCountry "GER"]

1. d4 Nf6 2. c4 g6 3. Nc3 Bg7 4. e4 d6 5. Nf3 O-O 6. Be2 e5 7. Be3 Ng4 8. Bg5
f6 9. Bh4 Nc6 10. d5 Ne7 11. Nd2 f5 12. h3 Nf6 13. g4 c6 14. f3 fxe4 15. fxe4
a6 16. Qb3 cxd5 17. cxd5 Nd7 18. Qa3 h6 19. Nc4 b5 20. Nxd6 Qb6 21. Nd1 b4 22.
Nc4 Qb8 23. Qb3 g5 24. Bf2 Kh8 25. Nd2 Ng6 26. Ne3 Nf4 27. Nf5 Nf6 28. Rc1 Nxe2
29. Kxe2 a5 30. Kf3 Bxf5 31. gxf5 Qe8 32. Kg2 Nh5 33. Kh2 Nf4 34. Qf3 Rc8 35.
Nb3 Qa4 36. Nc5 Qxa2 37. Rc2 a4 38. Qd1 b3 39. Rd2 a3 40. Qxb3 Qxb3 41. Nxb3
axb2 42. Nc5 Rf7 43. Rxb2 Rfc7 44. d6 Rxc5 45. Bxc5 Rxc5 46. d7 Bf6 47. Rd1 Kg7
48. Rd6 Bd8 49. Rb8 Rc2+ 50. Kh1 Rc1+ 51. Kh2 Rc2+ 52. Kg3 h5 53. Kf3 g4+ 54.
hxg4 Rc3+ 55. Kf2 Bh4+ 56. Kg1 Rc1+ 57. Kh2 Rc2+ 58. Kh1 Rc1+ 59. Kh2 Rc2+
1/2-1/2

[Event "Oberliga Ost A 2016 2017"]
[Site "Germany"]
[Date "2017.01.15"]
[Round "5.3"]
[White "Schubert, Thomas"]
[Black "Melamed, Tatjana"]
[Result "1/2-1/2"]
[WhiteElo "2362"]
[BlackElo "2318"]
[PlyCount "62"]
[EventDate "2016.10.16"]
[EventType "team-tourn"]
[EventCountry "GER"]
[WhiteTeam "Leipzig SG"]
[BlackTeam "Magdeburg SG Aufbau Elbe"]
[WhiteTeamCountry "GER"]
[BlackTeamCountry "GER"]

1. d4 Nf6 2. Nf3 g6 3. Bg5 Bg7 4. Nbd2 O-O 5. c3 d6 6. e4 c5 7. dxc5 dxc5 8.
Be2 Nc6 9. O-O Qc7 10. Re1 h6 11. Bh4 Nh5 12. Bf1 Rd8 13. Qc2 Bg4 14. Bg3 Nxg3
15. hxg3 Rd7 16. Nc4 Rad8 17. Rad1 Rxd1 18. Rxd1 Rxd1 19. Qxd1 Qd7 20. Qd5 b6
21. Ne3 Be6 22. Qxd7 Bxd7 23. Bb5 Kf8 24. Kf1 e6 25. a4 Ke7 26. g4 Kd6 27. Ke2
Kc7 28. Nc4 f5 29. gxf5 exf5 30. exf5 Bxf5 31. Nh4 Ne7 1/2-1/2

[Event "Oberliga Ost A 2016 2017"]
[Site "Germany"]
[Date "2017.01.15"]
[Round "5.4"]
[White "Schoene, Maria"]
[Black "Boehnisch, Manfred"]
[Result "1/2-1/2"]
[WhiteElo "2273"]
[BlackElo "2302"]
[PlyCount "102"]
[EventDate "2016.10.16"]
[EventType "team-tourn"]
[EventCountry "GER"]
[WhiteTeam "Magdeburg SG Aufbau Elbe"]
[BlackTeam "Leipzig SG"]
[WhiteTeamCountry "GER"]
[BlackTeamCountry "GER"]

1. e4 c6 2. d4 d5 3. exd5 cxd5 4. c4 Nf6 5. Nc3 Nc6 6. Bg5 dxc4 7. d5 Ne5 8.
Qd4 h6 9. Qxe5 hxg5 10. Bxc4 a6 11. O-O-O Ng4 12. Qe2 b5 13. Bb3 Qb6 14. Rd2
Bf5 15. Nf3 b4 16. Na4 Rc8+ 17. Kd1 Qc7 18. Qxa6 Qc1+ 19. Ke2 Qxh1 20. Nb6 Qxg2
21. Nxc8 Qxf2+ 22. Kd1 Ne3+ 23. Kc1 Qf1+ 24. Qxf1 Nxf1 25. Rf2 Bxc8 26. Rxf1 f6
27. Rf2 e5 28. dxe6 Bd6 29. Rc2 Bf4+ 30. Kd1 Ke7 31. Nd4 Rd8 32. Rxc8 Rxd4+ 33.
Ke1 f5 34. Ra8 Re4+ 35. Kf1 Bxh2 36. Ra7+ Kf6 37. Rf7+ Kg6 38. Bc2 Rxe6 39.
Rxf5 Kh5 40. Rb5 Bd6 41. Rb6 g4 42. Bd3 Kh4 43. Kg2 g3 44. Rc6 Rf6 45. Rc2 Kg4
46. Rc4+ Kg5 47. Rc2 Kf4 48. Re2 Rh6 49. Re4+ Kg5 50. Re2 Rh4 51. a4 bxa3
1/2-1/2

[Event "Oberliga Ost A 2016 2017"]
[Site "Germany"]
[Date "2017.01.15"]
[Round "5.5"]
[White "Rausch, Stephan"]
[Black "Andre, Gordon"]
[Result "1/2-1/2"]
[WhiteElo "2277"]
[BlackElo "2235"]
[PlyCount "71"]
[EventDate "2016.10.16"]
[EventType "team-tourn"]
[EventCountry "GER"]
[WhiteTeam "Leipzig SG"]
[BlackTeam "Magdeburg SG Aufbau Elbe"]
[WhiteTeamCountry "GER"]
[BlackTeamCountry "GER"]

1. e4 c5 2. c3 Nf6 3. e5 Nd5 4. d4 cxd4 5. cxd4 d6 6. Bc4 e6 7. Bxd5 exd5 8.
Nf3 Nc6 9. O-O Be7 10. Bf4 O-O 11. Nc3 Bg4 12. Nxd5 Bxf3 13. gxf3 dxe5 14. dxe5
Bc5 15. Be3 Bxe3 16. fxe3 Qg5+ 17. Kh1 Qxe5 18. f4 Qxb2 19. Rb1 Qxa2 20. Rg1
Rfd8 21. Nf6+ Kf8 22. Nxh7+ Ke8 23. Nf6+ Kf8 24. Nd7+ Ke8 25. Nf6+ Kf8 26. Qh5
gxf6 27. Qh8+ Ke7 28. Rxb7+ Rd7 29. Rxd7+ Kxd7 30. Rd1+ Kc7 31. Qxa8 Qe2 32.
Rg1 Qf3+ 33. Rg2 Qd1+ 34. Rg1 Qd5+ 35. Rg2 Qd1+ 36. Rg1 1/2-1/2

[Event "Oberliga Ost A 2016 2017"]
[Site "Germany"]
[Date "2017.01.15"]
[Round "5.6"]
[White "Sieber, Fiona"]
[Black "Kreyssig, Bruno"]
[Result "1-0"]
[WhiteElo "2236"]
[BlackElo "2131"]
[PlyCount "53"]
[EventDate "2016.10.16"]
[EventType "team-tourn"]
[EventCountry "GER"]
[WhiteTeam "Magdeburg SG Aufbau Elbe"]
[BlackTeam "Leipzig SG"]
[WhiteTeamCountry "GER"]
[BlackTeamCountry "GER"]

1. e4 c5 2. Nf3 d6 3. d4 cxd4 4. Nxd4 Nf6 5. Nc3 g6 6. Be3 Bg7 7. f3 O-O 8. Bc4
Nc6 9. Qd2 Bd7 10. O-O-O Rb8 11. Bb3 Na5 12. g4 b5 13. Bh6 Bxh6 14. Qxh6 b4 15.
Nd5 e6 16. Nxf6+ Qxf6 17. h4 Qg7 18. Qe3 Nb7 19. h5 a5 20. hxg6 hxg6 21. Rh3
Rfc8 22. Rdh1 a4 23. Rh8+ Qxh8 24. Rxh8+ Kxh8 25. Qh6+ Kg8 26. Nf5 gxf5 27.
exf5 1-0

[Event "Oberliga Ost A 2016 2017"]
[Site "Germany"]
[Date "2017.01.15"]
[Round "5.7"]
[White "Liedtke, Matthias"]
[Black "Roseneck, Jonas"]
[Result "0-1"]
[WhiteElo "2261"]
[BlackElo "2011"]
[PlyCount "130"]
[EventDate "2016.10.16"]
[EventType "team-tourn"]
[EventCountry "GER"]
[WhiteTeam "Leipzig SG"]
[BlackTeam "Magdeburg SG Aufbau Elbe"]
[WhiteTeamCountry "GER"]
[BlackTeamCountry "GER"]

1. e4 c5 2. Nc3 d6 3. g3 Nc6 4. Bg2 g6 5. d3 Bg7 6. Nh3 e6 7. O-O Nge7 8. Be3
O-O 9. Qd2 b6 10. Bh6 d5 11. Bxg7 Kxg7 12. exd5 exd5 13. Rfe1 Bf5 14. Nf4 d4
15. Ncd5 Nxd5 16. Nxd5 Qd6 17. h3 Bxh3 18. Bxh3 Qxd5 19. Bg2 Qd6 20. Re2 Rae8
21. Rae1 Rxe2 22. Qxe2 Rc8 23. Qg4 Rd8 24. a3 Ne7 25. b3 Ng8 26. a4 Nf6 27. Qf3
Rd7 28. Qe2 Kf8 29. Qf3 Re7 30. Rxe7 Qxe7 31. Kf1 Kg7 32. Qf4 Qe6 33. Qc7 Qg4
34. Ke1 Qg5 35. Bf3 Qf5 36. Ke2 Qd7 37. Qf4 h5 38. Kf1 Qe6 39. Qc7 Qd7 40. Qf4
Qe7 41. Kg2 Nh7 42. Be4 Ng5 43. Bd5 Qd8 44. Bc6 Ne6 45. Qe4 Qd6 46. Bb5 Nc7 47.
Qb7 Qd5+ 48. Qxd5 Nxd5 49. Kf3 Nb4 50. Ke4 Kf6 51. f4 Ke6 52. Bc4+ Ke7 53. Ke5
Nxc2 54. a5 Nb4 55. a6 f6+ 56. Ke4 Nc2 57. Kd5 Nb4+ 58. Ke4 Kf8 59. Bb5 Kf7 60.
Bc4+ Ke7 61. Bb5 Na2 62. Bc6 Nc3+ 63. Kf3 g5 64. Kg2 gxf4 65. gxf4 Ne2 0-1

[Event "Oberliga Ost A 2016 2017"]
[Site "Germany"]
[Date "2017.01.15"]
[Round "5.8"]
[White "Biastoch, Bennet"]
[Black "Heistermann, Till"]
[Result "1/2-1/2"]
[WhiteElo "2105"]
[BlackElo "2109"]
[PlyCount "76"]
[EventDate "2016.10.16"]
[EventType "team-tourn"]
[EventCountry "GER"]
[WhiteTeam "Magdeburg SG Aufbau Elbe"]
[BlackTeam "Leipzig SG"]
[WhiteTeamCountry "GER"]
[BlackTeamCountry "GER"]

1. e4 d6 2. d4 e5 3. Nf3 exd4 4. Qxd4 Nc6 5. Bb5 Bd7 6. Bxc6 Bxc6 7. Nc3 Nf6 8.
Bg5 Be7 9. O-O-O O-O 10. Rhe1 h6 11. Bh4 Re8 12. e5 dxe5 13. Qc4 Nd7 14. Nxe5
Nxe5 15. Rxe5 Bd7 16. Red5 Bxh4 17. Rxd7 Qg5+ 18. Kb1 Qh5 19. R7d5 Bg5 20. Qxc7
Qg6 21. Qg3 Qc6 22. f4 Be7 23. R5d3 Rac8 24. Qf3 Qc4 25. Rd4 Qc5 26. Rd5 Qc4
27. R5d4 Qc5 28. R4d2 b5 29. Qd5 Qc7 30. Qe5 Qxe5 31. fxe5 Bb4 32. Rd5 Bxc3 33.
bxc3 a6 34. Kb2 Rc6 35. Rd8 Kf8 36. R8d6 Rec8 37. Rxc6 Rxc6 38. Kb3 Ke7 1/2-1/2

[Event "Oberliga Ost A 2016 2017"]
[Site "Germany"]
[Date "2017.02.18"]
[Round "6.1"]
[White "Langrock, Hannes"]
[Black "Rosko, Lubos"]
[Result "1/2-1/2"]
[WhiteElo "2405"]
[BlackElo "2345"]
[PlyCount "70"]
[EventDate "2016.10.16"]
[EventType "team-tourn"]
[EventCountry "GER"]
[WhiteTeam "Leipzig SG"]
[BlackTeam "Aue ESV Nickelhuette II"]
[WhiteTeamCountry "GER"]
[BlackTeamCountry "GER"]

1. d4 Nf6 2. c4 c5 3. d5 e6 4. Nc3 exd5 5. cxd5 d6 6. g3 g6 7. Bg2 Bg7 8. Nf3
O-O 9. O-O Re8 10. Bf4 Ne4 11. Nxe4 Rxe4 12. Nd2 Rxf4 13. gxf4 Bxb2 14. Rb1 Bg7
15. e4 Na6 16. Nc4 Rb8 17. Qa4 Bh6 18. f5 Bf4 19. Rb3 Nc7 20. e5 Bxf5 21. Qxa7
dxe5 22. Qxc5 Ne8 23. h3 e4 24. Qd4 Nd6 25. Nxd6 Bxd6 26. Rfb1 e3 27. Re1 exf2+
28. Qxf2 Rc8 29. Kh1 Bb8 30. Rbe3 Qd6 31. Re8+ Rxe8 32. Rxe8+ Kg7 33. Qd4+ f6
34. Rxb8 Qxb8 35. d6 Qc8 1/2-1/2

[Event "Oberliga Ost A 2016 2017"]
[Site "Germany"]
[Date "2017.02.18"]
[Round "6.2"]
[White "Pulpan, Jakub"]
[Black "Richter, Leonard"]
[Result "0-1"]
[WhiteElo "2337"]
[BlackElo "2282"]
[PlyCount "60"]
[EventDate "2016.10.16"]
[EventType "team-tourn"]
[EventCountry "GER"]
[WhiteTeam "Aue ESV Nickelhuette II"]
[BlackTeam "Leipzig SG"]
[WhiteTeamCountry "GER"]
[BlackTeamCountry "GER"]

1. e4 c5 2. Nf3 d6 3. d4 cxd4 4. Nxd4 Nf6 5. Nc3 a6 6. Be3 e5 7. Nb3 Be6 8. f3
Be7 9. Qd2 O-O 10. O-O-O Nbd7 11. g4 b5 12. g5 b4 13. Ne2 Ne8 14. f4 a5 15. f5
a4 16. Nbd4 exd4 17. Nxd4 b3 18. Kb1 bxc2+ 19. Nxc2 Bb3 20. axb3 axb3 21. Na3
Ne5 22. Rc1 Ra4 23. Bg2 Qb8 24. Rhd1 Bd8 25. Qc3 Nc7 26. Rxd6 Nb5 27. Nxb5 Qxb5
28. Bc5 Nc4 29. Ba3 Rxa3 30. Qxc4 Ra1+ 0-1

[Event "Oberliga Ost A 2016 2017"]
[Site "Germany"]
[Date "2017.02.18"]
[Round "6.3"]
[White "Schubert, Thomas"]
[Black "Jurasek, Miroslav"]
[Result "1/2-1/2"]
[WhiteElo "2362"]
[BlackElo "2320"]
[PlyCount "65"]
[EventDate "2016.10.16"]
[EventType "team-tourn"]
[EventCountry "GER"]
[WhiteTeam "Leipzig SG"]
[BlackTeam "Aue ESV Nickelhuette II"]
[WhiteTeamCountry "GER"]
[BlackTeamCountry "GER"]

1. d4 Nf6 2. Nf3 e6 3. c4 d5 4. Nc3 Bb4 5. e3 O-O 6. Bd3 a6 7. O-O dxc4 8. Bxc4
b5 9. Bd3 Bb7 10. a3 Bxc3 11. bxc3 Be4 12. Bxe4 Nxe4 13. Qc2 Qd5 14. Ne5 f6 15.
c4 Qb7 16. Nd3 Nd7 17. c5 c6 18. Nf4 Ng5 19. Qb3 Rfe8 20. h4 Nf7 21. Nxe6 f5
22. Ng5 Nf6 23. f3 Rad8 24. Bb2 h6 25. Nxf7 Qxf7 26. Qxf7+ Kxf7 27. Rae1 Kg6
28. Kf2 Rd7 29. Rg1 h5 30. Re2 Rde7 31. Rge1 a5 32. Bc3 a4 33. g3 1/2-1/2

[Event "Oberliga Ost A 2016 2017"]
[Site "Germany"]
[Date "2017.02.18"]
[Round "6.4"]
[White "Heinz, Juergen"]
[Black "Boehnisch, Manfred"]
[Result "0-1"]
[WhiteElo "2220"]
[BlackElo "2302"]
[PlyCount "76"]
[EventDate "2016.10.16"]
[EventType "team-tourn"]
[EventCountry "GER"]
[WhiteTeam "Aue ESV Nickelhuette II"]
[BlackTeam "Leipzig SG"]
[WhiteTeamCountry "GER"]
[BlackTeamCountry "GER"]

1. c4 c6 2. e4 d5 3. exd5 cxd5 4. d4 Nf6 5. Nc3 Nc6 6. Nf3 Bg4 7. cxd5 Nxd5 8.
Bb5 Rc8 9. h3 Bh5 10. g4 Bg6 11. O-O e6 12. Ne5 Nxc3 13. bxc3 Bd6 14. Bf4 O-O
15. Nxg6 hxg6 16. Be3 Ne7 17. Bd2 Nd5 18. Rc1 Qf6 19. Re1 Rc7 20. Bf1 Ba3 21.
Rc2 Rfc8 22. g5 Qd8 23. c4 Be7 24. h4 Nb4 25. Bxb4 Bxb4 26. Re5 Rd7 27. d5 Re7
28. Qf3 exd5 29. Rxd5 Qc7 30. a3 Bc5 31. Rcd2 Rce8 32. Bd3 Bb6 33. Bf1 Re1 34.
Kg2 Qc6 35. Bd3 Ra1 36. Bc2 Ree1 37. Rd8+ Bxd8 38. Rxd8+ Kh7 0-1

[Event "Oberliga Ost A 2016 2017"]
[Site "Germany"]
[Date "2017.02.18"]
[Round "6.5"]
[White "Solberg, Joachim"]
[Black "Floeter, Frank"]
[Result "1/2-1/2"]
[WhiteElo "2222"]
[BlackElo "2124"]
[PlyCount "90"]
[EventDate "2016.10.16"]
[EventType "team-tourn"]
[EventCountry "GER"]
[WhiteTeam "Leipzig SG"]
[BlackTeam "Aue ESV Nickelhuette II"]
[WhiteTeamCountry "GER"]
[BlackTeamCountry "GER"]

1. e4 Nf6 2. e5 Nd5 3. d4 d6 4. Nf3 dxe5 5. Nxe5 c6 6. c3 Nd7 7. Nxd7 Bxd7 8.
Bd3 g6 9. O-O Bg7 10. Re1 Be6 11. Nd2 Nf6 12. Nf3 Bg4 13. h3 Bxf3 14. Qxf3 Qd5
15. Qe2 e6 16. Bf4 O-O 17. a4 a5 18. Be5 Ne8 19. Bc4 Qd7 20. Bf4 Nc7 21. Rad1
Nd5 22. Bh2 Rfd8 23. Qg4 Qe7 24. Qf3 Rd7 25. Re2 Qf6 26. Qg3 Rad8 27. Rde1 Bh6
28. Re4 Bf8 29. Qg4 Bd6 30. Be5 Bxe5 31. Rxe5 Qf4 32. Qe2 b6 33. g3 Qh6 34. h4
Rd6 35. Kg2 Qg7 36. Qf3 h5 37. Qe2 Qf6 38. Bb3 Nc7 39. Qe3 Nd5 40. Qh6 Qg7 41.
Qc1 Qf6 42. Qc2 c5 43. Bxd5 Rxd5 44. Rxd5 Rxd5 45. dxc5 bxc5 1/2-1/2

[Event "Oberliga Ost A 2016 2017"]
[Site "Germany"]
[Date "2017.02.18"]
[Round "6.6"]
[White "Heinz, Thomas"]
[Black "Rausch, Stephan"]
[Result "0-1"]
[WhiteElo "2144"]
[BlackElo "2277"]
[PlyCount "70"]
[EventDate "2016.10.16"]
[EventType "team-tourn"]
[EventCountry "GER"]
[WhiteTeam "Aue ESV Nickelhuette II"]
[BlackTeam "Leipzig SG"]
[WhiteTeamCountry "GER"]
[BlackTeamCountry "GER"]

1. e4 e6 2. d4 d5 3. exd5 exd5 4. Nf3 Nf6 5. Bg5 Bd6 6. Be2 O-O 7. O-O Re8 8.
Re1 h6 9. Bh4 Bf5 10. Nbd2 Nbd7 11. Nf1 c6 12. c3 Qb6 13. Bg3 Ne4 14. Bxd6 Nxd6
15. Qb3 Re7 16. Qa3 Qc7 17. Bd3 Rxe1 18. Nxe1 a6 19. Ne3 Bxd3 20. Nxd3 Re8 21.
Re1 Ne4 22. Nf5 Ndf6 23. f3 Nd2 24. Rxe8+ Nxe8 25. b3 Qd8 26. Ne7+ Kh7 27. Ne5
Nd6 28. Qb2 Nxf3+ 29. gxf3 Qxe7 30. Qc2+ g6 31. c4 Qg5+ 32. Kf1 dxc4 33. bxc4
Qf4 34. Qb2 f6 35. Qb4 Qxd4 0-1

[Event "Oberliga Ost A 2016 2017"]
[Site "Germany"]
[Date "2017.02.18"]
[Round "6.7"]
[White "Hoffmann, Hendrik"]
[Black "Poessel, Christian"]
[Result "1/2-1/2"]
[WhiteElo "2298"]
[BlackElo "2004"]
[PlyCount "49"]
[EventDate "2016.10.16"]
[EventType "team-tourn"]
[EventCountry "GER"]
[WhiteTeam "Leipzig SG"]
[BlackTeam "Aue ESV Nickelhuette II"]
[WhiteTeamCountry "GER"]
[BlackTeamCountry "GER"]

1. e4 c5 2. Nf3 d6 3. d4 cxd4 4. Nxd4 Nf6 5. Nc3 a6 6. g3 e5 7. Nde2 h6 8. Bg2
b5 9. a4 b4 10. Nd5 Nxd5 11. Qxd5 Ra7 12. Be3 Be6 13. Qd2 Rb7 14. O-O Nc6 15.
f4 Be7 16. Rad1 Qc8 17. f5 Bd7 18. b3 Nb8 19. Rc1 a5 20. c3 Qd8 21. cxb4 Rxb4
22. Qd5 O-O 23. Kh1 Bc8 24. Nc3 Nd7 25. Qd1 1/2-1/2